God loves my kitchen best / (Record no. 3209)

MARC details
000 -LEADER
fixed length control field 00645pam a2200229 i 4500
001 - CONTROL NUMBER
control field 358098
003 - CONTROL NUMBER IDENTIFIER
control field GBCCL
005 - DATE AND TIME OF LATEST TRANSACTION
control field 20241126110449.0
008 - FIXED-LENGTH DATA ELEMENTS--GENERAL INFORMATION
fixed length control field 770330s1977 miu 000 0 eng
010 ## -
-- 77005618
020 ## - INTERNATIONAL STANDARD BOOK NUMBER
International Standard Book Number 0310356121 :
Terms of availability $1.95
040 ## - CATALOGING SOURCE
Original cataloging agency DLC
Transcribing agency DLC
Modifying agency DLC
050 00 -
-- BV4844
-- .G7
082 00 - DEWEY DECIMAL CLASSIFICATION NUMBER
Classification number 242.643
Item number GRA
100 1# - MAIN ENTRY--PERSONAL NAME
Personal name Graff, Mab.
9 (RLIN) 6633
245 10 - TITLE STATEMENT
Title God loves my kitchen best /
Statement of responsibility, etc. Mab Graff.
260 ## - PUBLICATION, DISTRIBUTION, ETC.
Place of publication, distribution, etc. Grand Rapids :
Name of publisher, distributor, etc. Zondervan Pub. House,
Date of publication, distribution, etc. c1977.
300 ## - PHYSICAL DESCRIPTION
Extent 206 p. ;
Dimensions 18 cm.
650 #0 - SUBJECT ADDED ENTRY--TOPICAL TERM
Topical term or geographic name entry element Wives
Form subdivision Prayers and devotions.
9 (RLIN) 6634
906 ## - LOCAL DATA ELEMENT F, LDF (RLIN)
a 7
b cbc
c orignew
d 1
e ocip
f 19
g y-gencatlg
942 ## - ADDED ENTRY ELEMENTS (KOHA)
Source of classification or shelving scheme Dewey Decimal Classification
Koha item type Books
Koha issues (borrowed), all copies 1
Holdings
Withdrawn status Lost status Source of classification or shelving scheme Damaged status Not for loan Home library Current Library Shelving location Date acquired Total checkouts Full call number Barcode Date last seen Date last checked out Copy number Price effective from Koha item type
    Dewey Decimal Classification     GRACE BIBLE COLLEGE GRACE BIBLE COLLEGE Ministry & Mission 2017-11-20 1 242.643 GRA 008290 2025-05-27 2022-08-25 c.1 2017-11-20 Books
© Grace Bible College Library 2025